Loading...
| Current Events | 1 | 20.00 | 100% | 100% | 0% |
| Fine Arts - Classical Music | 7 | 11.43 | 100% | 14% | 0% |
| Fine Arts - Other | 4 | 10.00 | 75% | 25% | 0% |
| Fine Arts - Painting and Sculpture | 8 | 8.75 | 75% | 13% | 0% |
| Geography | 2 | 15.00 | 100% | 50% | 0% |
| History - American | 8 | 17.50 | 100% | 50% | 25% |
| History - European | 5 | 16.00 | 100% | 40% | 20% |
| History - Other | 2 | 20.00 | 100% | 100% | 0% |
| History - World | 3 | 13.33 | 100% | 0% | 33% |
| Literature - American | 3 | 20.00 | 100% | 67% | 33% |
| Literature - British | 4 | 17.50 | 100% | 75% | 0% |
| Literature - European | 1 | 20.00 | 100% | 100% | 0% |
| Literature - World | 6 | 13.33 | 100% | 33% | 0% |
| Mythology | 7 | 17.14 | 100% | 43% | 29% |
| Other Academic | 1 | 0.00 | 0% | 0% | 0% |
| Philosophy | 5 | 16.00 | 100% | 40% | 20% |
| Pop Culture | 2 | 15.00 | 100% | 0% | 50% |
| Religion | 2 | 15.00 | 100% | 50% | 0% |
| Science - Biology | 5 | 10.00 | 80% | 20% | 0% |
| Science - Chemistry | 5 | 18.00 | 100% | 80% | 0% |
| Science - Other | 8 | 15.00 | 100% | 38% | 13% |
| Science - Physics | 5 | 22.00 | 100% | 80% | 40% |
| Social Science | 8 | 12.50 | 100% | 25% | 0% |